000 00556 a2200169 4500
005 20250520090143.0
020 _a0-17-610524-7
082 _aLECT 338.5 MAN
100 _aMANKIW, N. G.
245 _aPrinciples of Macroeconomics
250 _a4th Ed.
260 _aAustralia,
_bThomson,
_c2008.
300 _axxxii, 463p.: ill.; figure, picture, table.
_bGlossary & Index.
_c27cm.
700 _aKNEEBONE, R. D., McKENZIE, K. J. & ROWE, N.
856 _yAccess Online Book
_fPrinciples of Macroeconomics
_dhttp://www.mankiw4e.nelson.com
942 _2ddc
_cBKS
999 _c2473
_d2473